Länder nach Größe - Statistiken

Allgemein
  • Dieses Quiz wurde 258 mal gespielt
  • Das Durchschnittsergebnis liegt bei 17 aus 23
Antwortstatistiken
Hint Antwort % Korrekt
C China
98%
B Brasilien
95%
R Russland
95%
I Indien
91%
A Australien
90%
K Kanada
90%
V Vereingte Staaten
90%
F Frankreich
84%
M Mexiko
80%
O Oman
79%
J Jemen
77%
P Peru
71%
H Honduras
70%
N Niger
70%
D Demokratische Republik Kongo
66%
L Libyen
66%
S Saudi-Arabien
66%
U Ukraine
66%
W Weissrussland
65%
T Tschad
58%
Z Zentralafrikanische Republik
54%
E Ecuador
52%
G Gabun
44%
Keine übereinstimmenden Quizze gefunden
Verteilung der Resultate
Anzahl Personen mit jedem Resultat
Perzentil nach korrekt beantworteten Fragen
Ihre Resultats-Entwicklung
Sie haben dieses Quiz noch nicht gespielt